[Event "NRW-ch op Seniors 14th"]
[Site "Beverungen"]
[Date "2003.06.22"]
[Round "9.19"]
[White "Reich, Jakob"]
[Black "Weddeling, Franz"]
[Result "1-0"]
[WhiteElo "1550"]
[BlackElo "1471"]
[PlyCount "79"]
[EventDate "2003.06.14"]
[EventType "swiss"]
[EventRounds "9"]
[EventCountry "GER"]
[SourceTitle "EXT 2004"]
[Source "ChessBase"]
[SourceDate "2003.11.25"]
[SourceVersion "1"]
[SourceVersionDate "2003.11.25"]
[SourceQuality "1"]

1. e4 e5 2. c4 Bc5 3. Nc3 Nf6 4. Nf3 d6 5. h3 a6 6. d3 h6 7. Be2 Nc6 8. a3 Bd7 9. b4 Ba7 10. Bd2 Qe7 11. Qc1 b6 12. g4 g5 13. Be3 Nd8 14. Nd5 Nxd5 15. cxd5 Rc8 16. Qb2 c5 17. Rc1 f6 18. Nd2 Nb7 19. 0-0 h5 20. bxc5 Nxc5 21. d4 Na4 22. Rxc8+ Bxc8 23. Qc2 Qd7 24. Rc1 Kd8 25. dxe5 dxe5 26. Nc4 Nc5 27. Kg2 Qh7 28. gxh5 Qxe4+ 29. Qxe4 Nxe4 30. Bxb6+ Bxb6 31. Nxb6 Bb7 32. Bg4 Nd6 33. Kg3 f5 34. Be2 Ne4+ 35. Kg2 Nf6 36. Kh2 Nxh5 37. d6 Nf4 38. Bf1 g4 39. Rc7 Nxh3 40. Rxb7 1-0

[Event "NRW-ch op Seniors 14th"]
[Site "Beverungen"]
[Date "2003.06.19"]
[Round "6.20"]
[White "Axnich, Hellmuth"]
[Black "Reich, Jakob"]
[Result "1-0"]
[WhiteElo "1364"]
[BlackElo "1550"]
[PlyCount "83"]
[EventDate "2003.06.14"]
[EventType "swiss"]
[EventRounds "9"]
[EventCountry "GER"]
[SourceTitle "EXT 2004"]
[Source "ChessBase"]
[SourceDate "2003.11.25"]
[SourceVersion "1"]
[SourceVersionDate "2003.11.25"]
[SourceQuality "1"]

1. d4 e6 2. Nf3 d5 3. e3 Nf6 4. c4 c6 5. cxd5 cxd5 6. Nc3 Bd6 7. Bd3 Nbd7 8. 0-0 0-0 9. Qc2 g6 10. e4 dxe4 11. Nxe4 Nxe4 12. Bxe4 Nf6 13. Re1 Rb8 14. Bh6 Re8 15. Ne5 Bxe5 16. dxe5 Ng4 17. Bf4 Kg7 18. h3 Nh6 19. Qc1 Ng8 20. Bg5 Qb6 21. h4 Bd7 22. h5 Rbc8 23. Qf4 Kf8 24. hxg6 hxg6 25. Bxg6 Re7 26. Bxe7+ Kxe7 27. Qxf7+ Kd8 28. Qxg8+ Kc7 29. Rac1+ Bc6 30. Qf7+ Kb8 31. Qxe6 Rh8 32. Be4 Rf8 33. Qd6+ Kc8 34. Qxf8+ Qd8 35. Qxd8+ Kxd8 36. Bxc6 bxc6 37. Rxc6 Kd7 38. Rd6+ Ke7 39. Rc1 a5 40. Rc7+ Ke8 41. Ra6 Kd8 42. Rh7 1-0